[Event "Politiken Cup"]
[Site "Copenhagen DEN"]
[Date "2004.07.30"]
[Round "8"]
[White "Sammalvuo,T"]
[Black "Nielsen,PH"]
[Result "0-1"]
[WhiteElo "2445"]
[BlackElo "2652"]

1.e4 c5 2.Nf3 d6 3.d4 cxd4 4.Nxd4 Nf6 5.Nc3 a6 6.Be3 Nc6 7.f3 e6 8.Qd2 Be7
9.g4 O-O 10.O-O-O Nxd4 11.Bxd4 b5 12.Kb1 Nd7 13.h4 Qc7 14.g5 b4 15.Ne2 Ne5
16.Ng1 a5 17.b3 Bb7 18.Re1 a4 19.f4 Nc6 20.Ba1 axb3 21.cxb3 Ra5 22.Rh2 Rfa8
23.Qc1 Rc5 24.Rc2 Na5 25.Rxc5 dxc5 26.Nf3 c4 27.Be5 Qb6 28.Bd4 Bc5 29.Qe3 Bxd4
30.Qxd4 Qc7 31.Bxc4 Nxc4 32.bxc4 Qxf4 33.Qe3 Qc7 34.Nd2 Ra3 35.Qd4 e5 36.Qb2 Qd6
37.Nb3 Qd3+ 38.Ka1 Qxc4 39.Qxe5 Ra8 40.Qb2 Qc7 41.Nd4 Qg3 42.Qd2 g6 43.Qxb4 Qxh4
44.Nc2 Bc8 45.Qe7 Be6 46.Rd1 h6 47.Rd8+ Rxd8 48.Qxd8+ Kh7 49.Kb2 hxg5 50.e5 Qf4
51.Qd4 Qh2 52.a4 g4 53.a5 Bf5 54.Qc5 Bxc2 55.Qxc2 Qxe5+ 56.Qc3 Qxc3+ 57.Kxc3 g3
58.a6 g2 59.a7 g1=Q 60.a8=Q Qe3+ 61.Kc2 g5 62.Qf8 Qf4 63.Kd1 g4 64.Qc8 g3
65.Qh3+ Kg6 66.Qh8 g2 67.Qg8+ Kh5 68.Qh7+ Kg4 69.Qg7+ Kh3  0-1

[Event "36th Olympiad"]
[Site "Calvia ESP"]
[Date "2004.10.24"]
[Round "9"]
[White "Dominguez,L"]
[Black "Nielsen,PH"]
[Result "1-0"]
[WhiteElo "2645"]
[BlackElo "2663"]

1.e4 c6 2.d4 d5 3.Nd2 dxe4 4.Nxe4 Bf5 5.Ng3 Bg6 6.h4 h6 7.Nf3 Nd7 8.h5 Bh7
9.Bd3 Bxd3 10.Qxd3 e6 11.Bf4 Qa5+ 12.Bd2 Bb4 13.c3 Be7 14.c4 Qa6 15.O-O Ngf6
16.Rfe1 Rd8 17.Nh4 Nc5 18.Qe2 Rxd4 19.Nhf5 Qxc4 20.Nxd4 Qxd4 21.Nf5 Qe4 22.Nxe7 Kxe7
23.Qd1 Qf5 24.Bb4 Rd8 25.Qf3 Rd5 26.Qa3 Nd7 27.Rad1 Qxh5 28.Rxd5 Qxd5 29.Rc1 b6
30.Qxa7 h5 31.Bxc5+ bxc5 32.Qa4 Qd2 33.Qc2 Qxc2 34.Rxc2 Kd6 35.Rc3 g5 36.Rd3+ Kc7
37.Rh3 h4 38.f4 gxf4 39.Rxh4 f5 40.Rh7 c4 41.Kf2 Kd6 42.a4 Nf6 43.Rg7 Ne4+
44.Kf3 e5 45.a5 Nc5 46.Rf7 Ke6 47.Ra7 Kd5 48.a6 Kd6 49.Ra8 Kc7 50.a7 Kb7
51.Re8 Kxa7 52.Rxe5 Nd3 53.Rxf5 Ne1+ 54.Kf2 Nd3+ 55.Ke2 Kb6 56.b3 Nc1+ 57.Kd1 Nxb3
58.Rxf4 Kc5 59.g4 Nd4 60.g5 Ne6 61.Rf7  1-0

[Event "EuCh-Internet KO"]
[Site "playchess.com INT"]
[Date "2004.11.07"]
[Round "2.2"]
[White "Short,N"]
[Black "Nielsen,PH"]
[Result "1/2-1/2"]
[WhiteElo "2687"]
[BlackElo "2663"]


1.e4 c5 2.b3 g6 3.Bb2 Nf6 4.e5 Nd5 5.Bc4 Nb6 6.e6 f6 7.Bb5 Bg7 8.Nf3 O-O
9.exd7 Bxd7 10.Bxd7 Qxd7 11.O-O e5 12.d3 Nc6 13.Re1 Nd5 14.Nc3 Rac8 15.Nxd5 Qxd5
16.c4 Qd7 17.Qe2 Rfd8 18.Rad1 b6 19.Bc3 a5 20.h3 Qd6 21.Qe4 Rd7 22.Qh4 Ne7
23.Qe4 Rcd8 24.a3 Qc6 25.Qe2 g5 26.b4 Ng6 27.g3 axb4 28.axb4 h5 29.bxc5 bxc5
30.Rd2 h4 31.Qe4 Qxe4 32.dxe4 hxg3 33.fxg3 Rxd2 34.Bxd2 Rd3 35.Re3 Rd7 36.Rb3 Nf8
37.Be3 Ne6 38.Kg2 Nd4 39.Ra3 Rb7 40.Bxd4 cxd4 41.Ne1 Bf8 42.Ra6 Kf7 43.Nd3 Rb3
44.Nf2 Rc3 45.Rc6 Be7 46.h4 gxh4 47.gxh4 d3 48.Kf3 f5 49.exf5 Bxh4 50.Ne4 Ra3
51.Rd6 Be7 52.Rd5 Bb4 53.c5 d2+ 54.Ke2 Ra1 55.Nxd2 Bxd2 56.Kxd2 Kf6 57.c6 Ra8
58.c7 Rc8 59.Rd7 Kxf5 60.Ke3 Ke6 61.Rh7 Kd6 62.Ke4 Rxc7  1/2-1/2

[Event "EuCh-Internet KO"]
[Site "playchess.com INT"]
[Date "2004.11.07"]
[Round "2.4"]
[White "Short,N"]
[Black "Nielsen,PH"]
[Result "0-1"]
[WhiteElo "2687"]
[BlackElo "2663"]


1.e4 c5 2.Nf3 Nc6 3.d4 cxd4 4.Nxd4 Nf6 5.Nc3 e5 6.Ndb5 d6 7.Bg5 a6 8.Na3 b5
9.Bxf6 gxf6 10.Nd5 Bg7 11.Bd3 Ne7 12.Nxe7 Qxe7 13.c4 f5 14.O-O O-O 15.Qf3 Qb7
16.exf5 Qxf3 17.gxf3 e4 18.Bxe4 d5 19.Bxd5 Bxf5 20.Rae1 Bxb2 21.Bxa8 Rxa8
22.Re3 b4 23.Nb1 Rd8 24.Rb3 Bd4 25.Rxb4 Bh3 26.f4 Bc5 27.Rb3 Bxf1 28.Kxf1 Rd4
29.Rc3 Rd1+ 30.Kg2 Rxb1 31.Rc2 Rd1 32.Kf3 Rd4  0-1

[Event "EuCh-Internet KO"]
[Site "playchess.com INT"]
[Date "2004.11.07"]
[Round "2.3"]
[White "Nielsen,PH"]
[Black "Short,N"]
[Result "1-0"]
[WhiteElo "2663"]
[BlackElo "2687"]


1.Nf3 Nf6 2.c4 e6 3.Nc3 d5 4.d4 Be7 5.Bg5 h6 6.Bh4 O-O 7.e3 b6 8.Be2 Bb7
9.Bxf6 Bxf6 10.cxd5 exd5 11.b4 c6 12.O-O a5 13.bxa5 Rxa5 14.a4 Nd7 15.Qb3 Re8
16.Rfc1 Be7 17.Bf1 Bd6 18.g3 Bc7 19.Qc2 Nf6 20.Nd2 Ra8 21.Nb3 h5 22.Rab1 h4
23.a5 bxa5 24.Nxa5 Bxa5 25.Rxb7 hxg3 26.hxg3 Bxc3 27.Qxc3 Re6 28.Qb2 Ne4
29.Bg2 Ng5 30.Qb6 Qf6 31.Rb8+ Rxb8 32.Qxb8+ Kh7 33.Qf4 Kg6 34.Qg4 Qf5 35.Qxf5+ Kxf5
36.f4 Rxe3 37.fxg5 Rxg3 38.Rxc6 Rg4 39.Rc7 Rxd4 40.Rxf7+ Kg6 41.Rd7 Kxg5
42.Rxg7+ Kf6 43.Rd7 Ke6 44.Rd8 Rd2 45.Kf1 Ke5 46.Bf3 d4 47.Ke1 Rb2 48.Re8+ Kd6
49.Be2 Kc5 50.Rc8+ Kd5 51.Bf3+ Ke5 52.Kd1 Kf4 53.Be2 Ke5 54.Re8+ Kd5 55.Bd3 Rh2
56.Be2 Kc5 57.Kd2 Rh3 58.Rf8 Kd5 59.Bf3+ Kc4 60.Rc8+ Kb4 61.Be2 Rc3 62.Rd8 Kc5
63.Bd3 Ra3 64.Rh8 Ra2+ 65.Bc2 Ra3 66.Rb8 Kd5 67.Bb3+ Ke4 68.Kc2 Ra5 69.Re8+ Re5
70.Rf8 Ke3 71.Bc4 Re7 72.Rh8 Rc7 73.Rh3+ Ke4 74.Kb3 Rb7+ 75.Ka4 Rb8 76.Bd3+ Ke5
77.Rh5+ Kf4 78.Bb5 Ke3 79.Kb4 d3 80.Rh3+ Ke4 81.Rh2 Ke3 82.Rh3+ Ke4 83.Ka4 d2
84.Bd3+ Kd4 85.Be2 Rb2 86.Ka3 Rc2 87.Kb3 Rc8 88.Rd3+ Ke4 89.Rxd2 Ke3 90.Ra2 Rb8+
91.Kc3 Rc8+ 92.Bc4 Ke4 93.Re2+ Kf3 94.Re7 Kf4 95.Kd4 Rd8+ 96.Bd5 Kg5 97.Rf7 Kg6
98.Rf1 Re8 99.Bf7+  1-0

[Event "EuCh-Internet KO"]
[Site "playchess.com INT"]
[Date "2004.11.07"]
[Round "3.5"]
[White "Nielsen,PH"]
[Black "Gelfand,B"]
[Result "1-0"]
[WhiteElo "2663"]
[BlackElo "2693"]


1.d4 Nf6 2.c4 e6 3.Nf3 b6 4.g3 Ba6 5.b3 Bb4+ 6.Bd2 Be7 7.Bg2 Bb7 8.O-O O-O
9.Nc3 d5 10.cxd5 exd5 11.a3 Nbd7 12.b4 c6 13.Qb3 Re8 14.a4 a5 15.bxa5 Rxa5
16.Rfb1 c5 17.e3 Bf8 18.dxc5 Bxc5 19.Nb5 Ra8 20.Nbd4 Ba6 21.Bf1 Bxf1 22.Kxf1 Qc8
23.Kg2 Ne5 24.Nxe5 Rxe5 25.Nf3 Rh5 26.Bb4 Ne4 27.Bxc5 bxc5 28.a5 h6 29.Qb7 Qh3+
30.Kg1 Rf8 31.a6 Rf5 32.a7 Rxf3 33.Ra2 Qf5 34.a8=Q Rxa8 35.Qxa8+ Kh7 36.Rf1 d4
37.exd4 cxd4 38.Ra5 Qg6 39.Re5 f5 40.Re8 Qf7 41.Rf8 Qe6 42.h4 Rxf2 43.Rxf2 Nxf2
44.Re8 Nh3+ 45.Kh2 Qd7 46.Kxh3 d3 47.Rh8+ Kg6 48.Qe8+ Qxe8 49.Rxe8  1-0

[Event "EuCh-Internet KO"]
[Site "playchess.com INT"]
[Date "2004.11.07"]
[Round "3.2"]
[White "Gelfand,B"]
[Black "Nielsen,PH"]
[Result "1-0"]
[WhiteElo "2693"]
[BlackElo "2663"]


1.d4 Nf6 2.c4 e6 3.Nc3 Bb4 4.e3 O-O 5.Ne2 d5 6.cxd5 exd5 7.g3 Re8 8.Bg2 c6
9.O-O Na6 10.f3 Bf8 11.e4 dxe4 12.fxe4 Bg4 13.e5 Nd5 14.Nxd5 cxd5 15.h3 Be6
16.Nf4 Nb4 17.Bd2 Nc6 18.Bc3 Qb6 19.Kh2 Rad8 20.Qd2 a5 21.Rf2 g6 22.Raf1 Bg7
23.h4 Ne7 24.Bxa5 Qa6 25.Bxd8 Rxd8 26.a3 Bh6 27.Bh3 Bxh3 28.Kxh3 Nf5 29.Qd3 Qc6
30.g4 Ne7 31.Ng2 Rf8 32.Rf6 Qc8 33.Qc3 Qd7 34.Qf3 Qc8 35.Nf4 Bg7 36.Rd6 h5
37.Nxd5 Nxd5 38.Rxd5 hxg4+ 39.Qxg4 Qc4 40.Qf3 Kh7 41.h5 Kg8 42.Rd6 Qc2 43.Qg4 Qd3+
44.Rf3 Qd1 45.Qg2 g5 46.h6 f5 47.exf6 Bxh6 48.Qf1 Qd2 49.Qd3 g4+ 50.Kxg4 Qg5+
51.Kh3 Kh8 52.Qf5 Qc1 53.Rf1 Qe3+ 54.Qf3 Qg5 55.Rd5 Qg6 56.Rh5 Rg8 57.Rg1 Qxg1
58.Rxh6+  1-0

[Event "EuCh-Internet KO"]
[Site "playchess.com INT"]
[Date "2004.11.07"]
[Round "3.3"]
[White "Nielsen,PH"]
[Black "Gelfand,B"]
[Result "1/2-1/2"]
[WhiteElo "2663"]
[BlackElo "2693"]


1.d4 Nf6 2.c4 e6 3.g3 c5 4.Nf3 cxd4 5.Nxd4 Qb6 6.Bg2 Bc5 7.e3 Nc6 8.O-O Nxd4
9.exd4 Bxd4 10.Nc3 e5 11.Nb5 O-O 12.a4 a5 13.Nxd4 exd4 14.b3 d5 15.c5 Qc6
16.Qxd4 Bf5 17.Bb2 Rfe8 18.Rfe1 Be4 19.Bf1 Re6 20.Bh3 Ree8 21.Re3 Bg6 22.Rae1 Re4
23.Rxe4 dxe4 24.Rd1 h5 25.Qd6 Ng4 26.Qd4 f6 27.Qd6 Kh7 28.Qxc6 bxc6 29.Rd6 Rb8
30.Rxc6 Rxb3 31.Rb6 Rd3 32.Rd6 Rb3 33.Rb6 Rd3 34.Rd6 Rb3 35.Rb6  1/2-1/2

[Event "EuCh-Internet KO"]
[Site "playchess.com INT"]
[Date "2004.11.07"]
[Round "3.4"]
[White "Gelfand,B"]
[Black "Nielsen,PH"]
[Result "1/2-1/2"]
[WhiteElo "2693"]
[BlackElo "2663"]


1.d4 Nf6 2.c4 d6 3.Nf3 Nbd7 4.Nc3 e5 5.e4 Be7 6.Be2 c6 7.O-O O-O 8.Qc2 a6
9.Rd1 Qc7 10.Bg5 b5 11.a3 Bb7 12.dxe5 Nxe5 13.Nxe5 dxe5 14.b4 Rad8 15.Be3 Bc8
16.Rdc1 Qb8 17.f3 Be6 18.Nd1 Nd7 19.Nb2 Rc8 20.c5 Rcd8 21.Qc3 Nf6 22.a4 Nh5
23.axb5 axb5 24.Ra6 Nf4 25.Bf1 Qc8 26.Rca1 Bf6 27.Rb6 Rd7 28.Raa6 Rc7 29.Nd3 Nxd3
30.Bxd3 Rd8 31.Be2 Qd7 32.Ra1 Qe7 33.Rba6 Bg5 34.Ra8 Bxe3+ 35.Qxe3 Rd7  1/2-1/2

[Event "EuCh-Internet KO"]
[Site "playchess.com INT"]
[Date "2004.11.07"]
[Round "3.1"]
[White "Nielsen,PH"]
[Black "Gelfand,B"]
[Result "1-0"]
[WhiteElo "2663"]
[BlackElo "2693"]


1.d4 Nf6 2.c4 e6 3.Nf3 b6 4.g3 Ba6 5.b3 Bb7 6.Bg2 Bb4+ 7.Bd2 a5 8.O-O O-O
9.Nc3 d6 10.Qc2 Nbd7 11.Rad1 Bxc3 12.Bxc3 Be4 13.Qc1 Qb8 14.Bh3 Bxf3 15.exf3 d5
16.Rfe1 c6 17.Bd2 Re8 18.Bf4 Qb7 19.Bg2 c5 20.Be3 Rac8 21.f4 Qb8 22.dxc5 Nxc5
23.Bd4 Ncd7 24.Qc2 Qc7 25.Rc1 dxc4 26.bxc4 Qd6 27.Qb2 Qb4 28.Qe2 Red8 29.Red1 Qa4
30.h3 Nc5 31.Kh2 h6 32.f5 Re8 33.Bxf6 gxf6 34.Qg4+ Kf8 35.Qh5 Qxa2 36.Qxh6+ Ke7
37.fxe6 Nxe6 38.Qe3 Rc5 39.Rb1 Qxc4 40.Rxb6 Qc3 41.Rb7+ Kf8 42.Qh6+ Kg8 43.Rdd7 Nd8
44.Be4 f5 45.Rxd8 Rxd8 46.Qg5+  1-0

[Event "EuCh-Internet KO"]
[Site "playchess.com INT"]
[Date "2004.11.07"]
[Round "4.1"]
[White "Adams,Mi"]
[Black "Nielsen,PH"]
[Result "1/2-1/2"]
[WhiteElo "2740"]
[BlackElo "2663"]


1.e4 e5 2.Nf3 Nf6 3.Nxe5 d6 4.Nf3 Nxe4 5.d4 d5 6.Bd3 Nc6 7.O-O Be7 8.Re1 Bg4
9.c3 f5 10.Nbd2 O-O 11.Qb3 Na5 12.Qc2 Bd6 13.b4 Bxf3 14.Nxf3 Nc4 15.a4 Qf6
16.Qb3 Qf7 17.Ra2 Rae8 18.Rae2 c6 19.b5 h6 20.bxc6 bxc6 21.Qc2 Kh8 22.h3 Qh5
23.Bxc4 dxc4 24.Ne5 Bxe5 25.dxe5 Re6 26.f3 Ng3 27.Rd2 f4 28.Rdd1 Qg5 29.Ba3 Rfe8
30.Bd6 Nf5 31.Qd2 Qg3 32.Re4 Ne3 33.Re1 Rg6 34.R1xe3 fxe3 35.Rxe3 Qxh3 36.Qe2 Qf5
37.Re4 Rge6 38.Qxc4 Qg5 39.Rg4 Qc1+ 40.Kh2 Rxe5 41.Bxe5 Rxe5 42.Qf7 Rg5 43.Qe8+ Kh7
44.Qe4+ Kh8 45.Rxg5 Qxg5 46.Qxc6 Qh4+ 47.Kg1 Qe1+ 48.Kh2 Qh4+  1/2-1/2

[Event "EuCh-Internet KO"]
[Site "playchess.com INT"]
[Date "2004.11.07"]
[Round "4.3"]
[White "Adams,Mi"]
[Black "Nielsen,PH"]
[Result "0-1"]
[WhiteElo "2740"]
[BlackElo "2663"]


1.e4 e5 2.Bc4 Nf6 3.d3 Bc5 4.Nf3 d6 5.c3 c6 6.Bb3 O-O 7.Nbd2 Bb6 8.O-O Nbd7
9.h3 d5 10.Re1 Re8 11.Bc2 Bc7 12.Nf1 Nf8 13.Ng3 Ng6 14.Qe2 Nf4 15.Qf1 g6
16.Be3 dxe4 17.dxe4 Qe7 18.Ne2 N6h5 19.Nxf4 Nxf4 20.Bb3 Qf6 21.Nh2 h5 22.Kh1 Be6
23.Rad1 Bb6 24.Rd2 Rad8 25.Red1 Rxd2 26.Rxd2 Rd8 27.Rxd8+ Qxd8 28.Bxf4 Bxb3
29.axb3 exf4 30.Nf3 g5 31.Qe2 g4 32.Nh2 f3 33.gxf3 gxh3 34.f4 Qh4 35.Qf3 Bxf2
36.Nf1 Kf8 37.Kh2 a5 38.e5 Bb6 39.Ng3 Qg4 40.Qf1 h4 41.Ne2 Be3 42.Kh1 Ke7
43.Kh2 Ke6 44.Kh1 b5 45.Kh2 c5 46.Kh1 b4 47.c4 Bd4 48.Kh2 Bxb2 49.f5+ Ke7
50.e6 fxe6 51.fxe6 Be5+ 52.Kh1 Qg2+ 53.Qxg2 hxg2+ 54.Kxg2 Kxe6  0-1

[Event "EuCh-Internet KO"]
[Site "playchess.com INT"]
[Date "2004.11.07"]
[Round "4.2"]
[White "Nielsen,PH"]
[Black "Adams,Mi"]
[Result "1-0"]
[WhiteElo "2663"]
[BlackElo "2740"]


1.d4 Nf6 2.c4 e6 3.g3 d5 4.Nf3 Bb4+ 5.Bd2 Be7 6.Bg2 c6 7.Qc2 O-O 8.O-O b6
9.b3 Bb7 10.Bf4 Nbd7 11.Nc3 Rc8 12.e4 c5 13.exd5 exd5 14.Rfd1 dxc4 15.d5 cxb3
16.axb3 Nh5 17.Be3 a5 18.g4 Nhf6 19.d6 Nxg4 20.dxe7 Qxe7 21.Bg5 Qe6 22.Re1 Qg6
23.Qxg6 hxg6 24.Re7 Bc6 25.Rd1 Ndf6 26.h3 Nh6 27.Bxh6 gxh6 28.Ne5 Bxg2 29.Kxg2 Rfe8
30.Rxe8+ Rxe8 31.Nc4 Re6 32.Rd8+ Kg7 33.Rb8 Ne4 34.Nd5 Nd6 35.Nc7  1-0

[Event "Corus B"]
[Site "Wijk aan Zee NED"]
[Date "2005.01.20"]
[Round "5"]
[White "Nielsen,PH"]
[Black "Cheparinov,I"]
[Result "0-1"]
[WhiteElo "2648"]
[BlackElo "2572"]

1.d4 Nf6 2.Nf3 e6 3.c4 c5 4.g3 cxd4 5.Nxd4 Qb6 6.Bg2 Nc6 7.Nb3 Ne5 8.c5 Bxc5
9.Nxc5 Qxc5 10.O-O Nc6 11.Nc3 d5 12.Bg5 h6 13.Bxf6 gxf6 14.Rc1 Qe7 15.Qd2 Kf8
16.Nb5 Kg7 17.e4 dxe4 18.Bxe4 Rd8 19.Qe3 a6 20.Bxc6 bxc6 21.Nd4 Rd5 22.Nxc6 Qd6
23.Qb3 Bd7 24.Nb4 Rb8 25.Rc4 a5 26.Rg4+ Kf8 27.Qe3 axb4 28.Qxh6+ Ke7  0-1

[Event "Corus B"]
[Site "Wijk aan Zee NED"]
[Date "2005.01.22"]
[Round "7"]
[White "Nielsen,PH"]
[Black "Smeets,J"]
[Result "1-0"]
[WhiteElo "2648"]
[BlackElo "2475"]

1.d4 d5 2.c4 c6 3.Nf3 Nf6 4.Nc3 e6 5.Bg5 dxc4 6.e4 b5 7.e5 h6 8.Bh4 g5 9.Nxg5 hxg5
10.Bxg5 Nbd7 11.exf6 Bb7 12.g3 c5 13.d5 Qc7 14.Bg2 b4 15.d6 Qb6 16.Ne4 Ne5
17.O-O O-O-O 18.Qe2 Bd5 19.Rfd1 Nc6 20.Rac1 Bxd6 21.Rxc4 Bxc4 22.Qxc4 Be5
23.Re1 Bd4 24.Bf4 Na5 25.Qe2 e5 26.Bc1 Kb8 27.Ng5 Rd7 28.Nf3 Re8 29.Qe4 Qc6
30.Qf5 Qd6 31.Nxd4 cxd4 32.Bf4 Nc6 33.Bxc6 Qxc6 34.Rxe5 Rxe5 35.Qxe5+ Kb7
36.Qb8+ Ka6 37.Qxb4 Qc2 38.h4 Rd5 39.Qe7 Qxb2 40.Qxf7 Qb1+ 41.Kh2 Qe4 42.Qc7 Rf5
43.f7 Qe6 44.Qc2 Rxf7 45.Qa4+ Kb7 46.Qb5+ Kc8 47.Qb8+ Kd7 48.Qxa7+ Ke8 49.Qa8+ Ke7
50.Qa7+ Qd7 51.Qc5+ Ke8 52.Qe5+ Kf8 53.Qb8+ Ke7 54.Qe5+ Kf8 55.Qh8+ Ke7 56.Kg1 Rxf4
57.Qe5+ Kd8 58.Qb8+ Ke7 59.Qe5+ Kd8 60.Qxf4 d3 61.Qd2 Qd5 62.f4 Qf3 63.Qe1 Kd7
64.a4 Kc7 65.h5 d2 66.Qxd2 Qxg3+ 67.Kf1 Qf3+ 68.Ke1 Qh1+ 69.Kf2 Qh2+ 70.Ke3 Qh3+
71.Kd4 Qd7+ 72.Kc3 Qxa4 73.Qd5 Qa1+ 74.Kd2 Qb2+ 75.Kd3 Qh2 76.Qf3 Kd6 77.Ke4 Ke6
78.Qg4+ Kf6 79.Qg6+ Ke7 80.Kf5 Kf8 81.Qd6+ Kf7 82.Qd7+ Kf8 83.Kg5 Kg8 84.h6 Qg1+
85.Qg4 Qc5+ 86.Kf6+ Kf8 87.Qg7+ Ke8 88.Qg8+ Kd7 89.Qe6+ Kd8 90.h7 Qc3+ 91.Kf7 Qc7+
92.Kg8 Qxf4 93.h8=Q Qg5+ 94.Kf7+ Kc7 95.Qhc8+  1-0

[Event "Corus B"]
[Site "Wijk aan Zee NED"]
[Date "2005.01.23"]
[Round "8"]
[White "Nijboer,F"]
[Black "Nielsen,PH"]
[Result "1/2-1/2"]
[WhiteElo "2549"]
[BlackElo "2648"]

1.e4 c5 2.Nf3 d6 3.d4 cxd4 4.Nxd4 Nf6 5.Nc3 a6 6.Be3 e6 7.f3 b5 8.g4 h6 9.Qd2 b4
10.Nce2 e5 11.Nb3 a5 12.Rd1 Qc7 13.Ng3 g6 14.h4 h5 15.Bg5 Nbd7 16.Bb5 Be7
17.Bxf6 Bxf6 18.gxh5 Ke7 19.hxg6 fxg6 20.h5 Nf8 21.hxg6 Rxh1+ 22.Nxh1 Nxg6
23.Qh6 Nf8 24.Ng3 Qb6 25.Bf1 Qg1 26.Ne2 Qg6 27.Qxg6 Nxg6 28.Rd5 a4 29.Ra5 Bh4+
30.Kd2 Bg5+ 31.Ke1  1/2-1/2

[Event "Corus B"]
[Site "Wijk aan Zee NED"]
[Date "2005.01.30"]
[Round "13"]
[White "Ernst,S"]
[Black "Nielsen,PH"]
[Result "0-1"]
[WhiteElo "2509"]
[BlackElo "2648"]

1.d4 Nf6 2.c4 e6 3.Nf3 d5 4.Nc3 c6 5.Bg5 h6 6.Bxf6 Qxf6 7.e3 Nd7 8.Bd3 g6
9.O-O dxc4 10.Bxc4 Qe7 11.e4 Bg7 12.e5 O-O 13.Qe2 Rd8 14.Rfd1 b6 15.Ne4 c5
16.dxc5 Bb7 17.cxb6 axb6 18.Rd6 Nxe5 19.Rxb6 Nxc4 20.Qxc4 Bd5 21.Qe2 Bxa2
22.Rc1 Bd5 23.b4 Ra2 24.Qe3 Bxe4 25.Qxe4 Qa7 26.Qc6 Ra1  0-1

[Event "TCh-SWE Elitserien 2004-5"]
[Site "Sweden SWE"]
[Date "2005.02.26"]
[Round "8"]
[White "Ivanov,Sergey1"]
[Black "Nielsen,PH"]
[Result "0-1"]
[WhiteElo "2574"]
[BlackElo "2648"]

1.d4 d5 2.c4 c6 3.Nc3 Nf6 4.Nf3 e6 5.Bg5 h6 6.Bh4 dxc4 7.e4 g5 8.Bg3 b5 9.Be2 Bb7
10.h4 g4 11.Ne5 h5 12.f3 Nbd7 13.fxg4 Nxe5 14.Bxe5 hxg4 15.Bxg4 Rg8 16.Bh5 Bg7
17.O-O Nxh5 18.Qxh5 Qe7 19.Rad1 Rh8 20.Qf3 Bxe5 21.dxe5 Rxh4 22.Rd6 Rh7 23.Ne2 Rd8
24.Qg3 Rxd6 25.exd6 Qf8 26.Nf4 Qh8 27.Nh3 Kd7 28.e5 c5 29.Qg5 Qd8 30.Rf6 Bd5
31.Qe3 Rg7 32.Nf4 Bc6 33.Qxc5 Qa5 34.Kh2 Rh7+ 35.Nh3 Rg7 36.Ng5 Rxg5 37.Rxf7+ Ke8
38.Re7+ Kd8 39.Qxc6  0-1

[Event "ch-FRA Top 16 GpA"]
[Site "Noyon FRA"]
[Date "2005.04.01"]
[Round "5"]
[White "Nielsen,PH"]
[Black "Collas,S"]
[Result "1-0"]
[WhiteElo "2648"]
[BlackElo "2358"]

1.d4 Nf6 2.c4 e6 3.Nc3 Bb4 4.Qc2 c5 5.dxc5 Bxc5 6.Nf3 Qb6 7.e3 Qc7 8.b3 b6
9.Bb2 Bb7 10.Nb5 Qd8 11.O-O-O O-O 12.Ng5 Re8 13.h4 h6 14.Nc7 Na6 15.Nxe8 Nxe8
16.Qh7+ Kf8 17.Qh8+ Ke7 18.Nh7 Nd6 19.Qxg7  1-0

[Event "ch-FRA Top 16 GpA"]
[Site "Noyon FRA"]
[Date "2005.04.03"]
[Round "7"]
[White "Nielsen,PH"]
[Black "Marcelin,C"]
[Result "1/2-1/2"]
[WhiteElo "2648"]
[BlackElo "2464"]

1.d4 Nf6 2.c4 e6 3.Nf3 d5 4.Bg5 h6 5.Bxf6 Qxf6 6.Nc3 Bb4 7.Qb3 c5 8.cxd5 cxd4
9.Qa4+ Bd7 10.Qxb4 dxc3 11.dxe6 Bxe6 12.Qxc3 Qxc3+ 13.bxc3 Ke7 14.Nd4 Rc8
15.Kd2 Nd7 16.e3 Nc5 17.Bd3 Rc7 18.a4 Rac8 19.Ra3 Bc4 20.Bc2 g6 21.Rb1 Nd7
22.a5 Ba6 23.f4 f5 24.g4 fxg4 25.Bxg6 Nc5 26.Rg1 h5 27.Bc2 Ne6 28.Bf5 Nc5
29.e4 Rf8 30.e5 Bc4 31.Ke3 Be6 32.Bg6 Bf7 33.Bxf7 Kxf7 34.h3 gxh3 35.Rh1 Rfc8
36.Rxh3 Na4 37.Nb5  1/2-1/2

[Event "Radio Match"]
[Site "Aarhus DEN"]
[Date "2005.08.16"]
[Round "1"]
[White "Nielsen,PH"]
[Black "Riis,J"]
[Result "1-0"]
[WhiteElo "2668"]
[BlackElo "2108"]

1.e4 c6 2.d4 d5 3.Nd2 dxe4 4.Nxe4 Nf6 5.Nxf6+ exf6 6.c3 Bd6 7.Bd3 O-O 8.Qc2 g6
9.Ne2 Be6 10.h4 h5 11.Bh6 f5 12.Bxf8 Bxf8 13.Nf4 Qd6 14.Nxe6 Qxe6+ 15.Qe2 Qd5
16.Bc4 Qd6 17.O-O-O Nd7 18.f3 Nf6 19.Qe5 Qd8 20.Rhe1 Bd6 21.Qe3 Kg7 22.Kb1 b5
23.Bb3 a5 24.a3 b4 25.axb4 axb4 26.c4 Qa5 27.Kc2 Qc7 28.c5 Bf8 29.Qe5 Qd7
30.Qf4 Rd8 31.Kb1 Kg8 32.g4 hxg4 33.fxg4 Nd5 34.Qf2 fxg4 35.h5 Qf5+ 36.Qxf5 gxf5
37.Re5 f4 38.Bxd5 cxd5 39.Rg5+ Kh7 40.Rxg4 Bh6 41.Kc2 Re8 42.Kb3 f3 43.Rf1 Re3+
44.Kxb4 Re4 45.Rxe4 dxe4 46.Kc3 f5 47.b4 e3 48.Kd3 e2 49.Rb1 Bf4 50.b5 Bg3
51.c6 Bc7 52.d5 Kg7 53.b6 Bxb6 54.d6  1-0

[Event "TCh-FRA Top 16 Gp A"]
[Site "Montpellier FRA"]
[Date "2006.04.01"]
[Round "6"]
[White "Nielsen,PH"]
[Black "Kogan,Ar"]
[Result "1/2-1/2"]
[WhiteElo "2644"]
[BlackElo "2560"]

1.Nf3 d5 2.d4 c6 3.c4 e6 4.e3 Bd6 5.Bd3 f5 6.O-O Nf6 7.b3 Qe7 8.Bb2 O-O 9.Qc1 b6
10.Ba3 Bb7 11.cxd5 cxd5 12.Bxd6 Qxd6 13.Nc3 Rc8 14.Qb2 Nbd7 15.Rfc1 a6 16.b4 Ne4
17.b5 Nxc3 18.bxa6 Bxa6 19.Bxa6 Rxa6 20.Rxc3 Rxc3 21.Qxc3 Ra8 22.Rc1 h6 23.h3 Kh7
24.Rc2 b5 25.Qd3 Qb4 26.Rc7 Rxa2 27.Rxd7 Qb2 28.Qf1 Ra1 29.Ne1 Qd2 30.Qxb5 Rxe1+
31.Kh2 Qxf2 32.Rxg7+ Kxg7 33.Qd7+ Kf6 34.Qd8+ Kg6 35.Qg8+ Kf6 36.Qf8+  1/2-1/2

[Event "3rd Open"]
[Site "Kalamaria GRE"]
[Date "2006.08.31"]
[Round "2"]
[White "Abatzidis,S"]
[Black "Nielsen,PH"]
[Result "0-1"]
[WhiteElo "2056"]
[BlackElo "2640"]

1.Nf3 c5 2.c4 Nc6 3.Nc3 e5 4.g3 g6 5.Bg2 Bg7 6.d3 Nge7 7.a3 O-O 8.Rb1 a5
9.O-O d6 10.Bd2 h6 11.h3 Be6 12.Kh2 f5 13.Ne1 Kh7 14.Nc2 d5 15.cxd5 Nxd5
16.Ne3 Nde7 17.b3 b6 18.Nc4 Rb8 19.a4 Rb7 20.Nb5 Rd7 21.Qc2 f4 22.Rbe1 Kh8
23.Be4 g5 24.e3 f3 25.Bc3 Nd5 26.Rd1 Ncb4 27.Qb1 Qe8 28.Rh1 Bxh3 29.Kg1 Bg4
30.Bb2 Qe6 31.Rd2 Kg8 32.Qa1 Re8 33.Qd1 Red8 34.Bxf3 Bxf3 35.Qxf3 Nxd3 36.Qe2 e4
37.Bxg7 Kxg7 38.Kg2 Rf8 39.Rdd1 Rxf2+  0-1

[Event "3rd Open"]
[Site "Kalamaria GRE"]
[Date "2006.09.02"]
[Round "5"]
[White "Nielsen,PH"]
[Black "Vijayalakshmi,S"]
[Result "1-0"]
[WhiteElo "2640"]
[BlackElo "2417"]

1.d4 Nf6 2.c4 e6 3.Nc3 c5 4.Nf3 cxd4 5.Nxd4 Bb4 6.g3 O-O 7.Bg2 d5 8.cxd5 Nxd5
9.Qb3 Na6 10.O-O Nxc3 11.bxc3 Be7 12.Rd1 Nc5 13.Qc4 Bd7 14.Ba3 Rc8 15.Nc6 Bxc6
16.Rxd8 Rfxd8 17.Rb1 Bxg2 18.Kxg2 b6 19.Qb5 Bf8 20.Bb4 Rb8 21.a4 Rdc8 22.Bxc5 Bxc5
23.a5 h6 24.a6 Rd8 25.Qc6 Rd6 26.Qc7 Rbd8 27.c4 Rd2 28.Rb3 R8d7 29.Qc6 R2d6
30.Qa8+ Rd8 31.Qb7 R8d7 32.Qf3 e5 33.Rd3 Rxd3 34.exd3 f6 35.Qc6 Re7 36.f4 Kh7
37.Qd5 Bd4 38.Kf3 Bc5 39.f5 Bd4 40.Ke4 Bc5 41.g4 Bd4 42.h4 Bc5 43.Qd8 Bb4
44.Kd5 Bc5 45.Kc6 Bb4 46.Kd5 Bc5 47.Ke4 Bb4 48.Kf3 Ba3 49.Qd5 Bc5 50.g5 fxg5
51.hxg5 hxg5 52.Kg4 Bd4 53.Kxg5 Be3+ 54.Kh5 Bd4 55.Qh1 Rd7 56.Kg5+ Kg8 57.Qc6 Rd8
58.Kg6 Bc5 59.Qe6+ Kh8 60.f6  1-0

[Event "3rd Open"]
[Site "Kalamaria GRE"]
[Date "2006.09.05"]
[Round "8"]
[White "Gelashvili,T"]
[Black "Nielsen,PH"]
[Result "0-1"]
[WhiteElo "2575"]
[BlackElo "2640"]

1.d4 d5 2.Nf3 Nf6 3.c4 e6 4.Nc3 c6 5.Bg5 h6 6.Bh4 dxc4 7.e4 g5 8.Bg3 b5 9.Be2 Bb7
10.O-O Nbd7 11.Ne5 Bg7 12.Qc1 a6 13.Rd1 Qe7 14.Nxd7 Nxd7 15.a4 O-O 16.Qe3 e5
17.d5 Qc5 18.Qf3 f5 19.exf5 cxd5 20.Nxd5 e4 21.Qe3 Bxd5 22.Qxc5 Nxc5 23.Rxd5 Bxb2
24.Ra2 Nxa4 25.Bxc4 bxc4 26.Rxa4 c3 27.Rc4 a5 28.h4 Rac8 29.Bc7 Rf7 30.Rd8+ Rxd8
31.Bxd8 a4 32.hxg5 a3 33.g6 Rxf5 34.g4 Rf8 35.Be7 a2  0-1

[Event "Greek Teams Cup Final"]
[Site "Athens GRE"]
[Date "2006.10.01"]
[Round "2.2"]
[White "Nikolaidis,I"]
[Black "Nielsen,PH"]
[Result "1-0"]
[WhiteElo "2538"]
[BlackElo "2640"]

1.e4 c5 2.Nf3 Nc6 3.Bc4 g6 4.O-O Bg7 5.c3 d6 6.d4 cxd4 7.cxd4 Nf6 8.d5 Nb8
9.Nc3 O-O 10.h3 Nbd7 11.Bf4 Nb6 12.Bb3 Bd7 13.e5 dxe5 14.Nxe5 Ne8 15.Re1 Nd6
16.Qf3 Rc8 17.Qe2 Re8 18.Rad1 a6 19.Qf3 Nbc4 20.Bxc4 Nxc4 21.Nxf7 Qb6 22.Nh6+ Kh8
23.Nf7+ Kg8 24.Nh6+ Bxh6 25.Bxh6 Nxb2 26.Rb1 Qd4 27.Ne2 Qh8 28.Be3 Rc4 29.Nf4 Rf8
30.Qg3 b5 31.Nxg6 hxg6 32.Qxg6+ Qg7 33.Qxg7+ Kxg7 34.Rxb2 Rf5 35.Rd2 b4 36.g4 Rf7
37.Rd4 Bb5 38.d6 exd6 39.Rxd6 Rc2 40.Bd4+ Kh7 41.g5 Kg8 42.g6 Rf8 43.Re7  1-0

[Event "ETCC"]
[Site "Crete GRE"]
[Date "2007.11.03"]
[Round "6"]
[White "Nielsen,PH"]
[Black "Pelletier,Y"]
[Result "1/2-1/2"]
[WhiteElo "2626"]
[BlackElo "2609"]

1.d4 Nf6 2.c4 e6 3.g3 d5 4.Nf3 dxc4 5.Bg2 Nc6 6.Qa4 Bb4+ 7.Bd2 Nd5 8.Bxb4 Nxb4
9.a3 b5 10.Qxb5 Nc2+ 11.Kd2 Bd7 12.Kxc2 Nxd4+ 13.Nxd4 Bxb5 14.Nxb5 Rb8 15.N1c3 O-O
16.Rad1 Qg5 17.Nd4 Qc5 18.e3 Qb6 19.Na4 Qa5 20.Nc3 Qb6 21.Na4 Qa5 22.Nc3  1/2-1/2

[Event "IX EICC"]
[Site "Plovdiv BUL"]
[Date "2008.04.21"]
[Round "1"]
[White "Jakovljevic,Vlado"]
[Black "Nielsen,PH"]
[Result "0-1"]
[WhiteElo "2463"]
[BlackElo "2629"]

1.Nf3 d5 2.d4 Nf6 3.c4 c6 4.e3 Bf5 5.Nc3 e6 6.Bd3 Bg6 7.Ne5 Nbd7 8.Nxg6 hxg6
9.Bd2 a6 10.cxd5 cxd5 11.Rc1 Bd6 12.h3 Qe7 13.Qf3 Rd8 14.g4 g5 15.e4 dxe4
16.Nxe4 Nxe4 17.Bxe4 Bb4 18.Bc3 b5 19.Bb7 Bxc3+ 20.bxc3 O-O 21.O-O a5 22.Bc6 b4
23.c4 Nb8 24.Rfd1 Qa7 25.c5 Nxc6 26.Qxc6 Rd5 27.Qb6 Qxb6 28.cxb6 Rb8 29.Rc6 Rb5
30.Kf1 a4 31.Ke2 R5xb6 32.Rxb6 Rxb6 33.Rb1 Kf8 34.Kd3 Ke7 35.Kc4 Rc6+ 36.Kb5 Rc2
37.Ra1 b3 38.axb3 axb3 39.Rb1 b2  0-1

[Event "IX EICC"]
[Site "Plovdiv BUL"]
[Date "2008.04.22"]
[Round "2"]
[White "Nielsen,PH"]
[Black "Khairullin,I"]
[Result "1/2-1/2"]
[WhiteElo "2629"]
[BlackElo "2554"]

1.d4 Nf6 2.c4 e6 3.g3 d5 4.Nf3 Bb4+ 5.Bd2 a5 6.Bg2 dxc4 7.Qc1 Bxd2+ 8.Nbxd2 b5
9.a4 c6 10.b3 cxb3 11.Nxb3 O-O 12.Ne5 Nd5 13.O-O  1/2-1/2